书目信息 |
| 题名: |
地理教学案例分析
|
|
| 作者: | 江晔 主编 | |
| 分册: | ||
| 出版信息: | 上海 学林出版社 2011.10 |
|
| 页数: | 172页 | |
| 开本: | 26cm | |
| 丛书名: | ||
| 单 册: | ||
| 中图分类: | G633.552 | |
| 科图分类: | ||
| 主题词: | 中学地理课--教案(教育) , 中学地理课 , 教案(教育) | |
| 电子资源: | ||
| ISBN: | 978-7-5486-0223-1 | |
| 000 | 00820nam0 2200253 45 | |
| 001 | 515 | |
| 005 | 20120531163205.25 | |
| 010 | @a978-7-5486-0223-1@dCNY28.00 | |
| 100 | @a20120328d2011 em y0chiy50 ea | |
| 101 | 0 | @achi |
| 102 | @aCN@b310000 | |
| 105 | @aak z 000yy | |
| 106 | @ar | |
| 200 | 1 | @a地理教学案例分析@ADi Li Jiao Xue An Li Fen Xi@f江晔主编@FJiang Ye Zhu Bian |
| 210 | @a上海@c学林出版社@d2011.10 | |
| 215 | @a172页@c图@d26cm | |
| 330 | @a本书分为9章,主要内容包括:地理教学设计的案例分析;地理课堂教学实录的案例分析;地理课堂学习活动的案例分析;地理复习课教学的案例分析等。 | |
| 606 | 0 | @a中学地理课@x教案(教育) |
| 606 | 0 | @a中学地理课 |
| 606 | 0 | @a教案(教育) |
| 690 | @aG633.552@v4 | |
| 701 | 0 | @a江晔@AJiang Ye@4主编 |
| 801 | 0 | @aCN@bTSTCL@c20120328 |
| 905 | @b0814644-50@dG633.552@e295@f7 | |
| 地理教学案例分析/江晔主编.-上海:学林出版社,2011.10 |
| 172页:图;26cm |
| ISBN 978-7-5486-0223-1:CNY28.00 |
| 本书分为9章,主要内容包括:地理教学设计的案例分析;地理课堂教学实录的案例分析;地理课堂学习活动的案例分析;地理复习课教学的案例分析等。 |
| ● |
| 相关链接 |
|
|
|
|
正题名:地理教学案例分析
索取号:G633.552/295
 
预约/预借
| 序号 | 登录号 | 条形码 | 馆藏地/架位号 | 状态 | 备注 |
| 1 | 0814644 | 208146442 | 第一样本阅览室/ [索取号:G633.552/295] | 在馆 | |
| 2 | 0814645 | 208146451 | 第四借阅区/ [索取号:G633.552/295] | 在馆 | |
| 3 | 0814646 | 208146460 | 第四借阅区/ [索取号:G633.552/295] | 在馆 | |
| 4 | 0814647 | 208146479 | 第四借阅区/ [索取号:G633.552/295] | 在馆 | |
| 5 | 0814648 | 208146488 | 第四借阅区/ [索取号:G633.552/295] | 在馆 | |
| 6 | 0814649 | 208146497 | 第四借阅区/ [索取号:G633.552/295] | 在馆 | |
| 7 | 0814650 | 208146503 | 第四借阅区/ [索取号:G633.552/295] | 在馆 |